000 00976nmc a2200325 a 4500
003 AR-BaBNM
005 20251128210323.0
008 269119s1998 ||||||||||||||000 | spa||
020 _a950-892-052-1
040 _cAR-BaBNM
245 1 0 _aLa educación polimodal
_bsu implementación en la transformación
260 _aBuenos Aires
_bLugar Editorial
_c1998
300 0 _a91 p.
_btablas
490 0 _aReflexiones y propuestas
500 0 _aContiene el texto completo de la ley 24.195 p. 63-90
504 _aContiene bibliografía p. 91
650 4 _aROL DEL DOCENTE
653 0 _aEDUCACION POLIMODAL
653 0 _aTRANSFORMACION EDUCATIVA
653 0 _aNIVEL MEDIO
653 0 _aLEY FEDERAL DE EDUCACION
653 0 _aCONTENIDOS CURRICULARES
653 0 _aEXPERIENCIAS EDUCATIVAS
700 1 _aGabrijelcic, Claudia
700 1 _aRoca, Estela Marta
700 1 _aSantisi, Gabriel
700 1 _aZambella, María Elena
942 _cBK
998 _cRaquel
999 _c14944
_d14944